Statystyki dla Historia Polski w datach

Kliknij tutaj aby rozwiązać quiz!

Ogólne statystyki

  • Ten quiz został rozwiązany 173 razy
  • Średni wynik to 18 z 30

Statystyki odpowiedzi

Opisrok% Poprawnych
Chrzest Polski966
100%
Bitwa pod Grunwaldem1410
92%
Odzyskanie niepodległości1918
90%
II Rozbiór1793
88%
III Rozbiór1795
88%
Koniec drugiej wojny światowej1945
88%
Upadek komunizmu w Polsce1989
88%
I Rozbiór1772
86%
Koronacja Bolesława Chrobrego na króla Polski1025
84%
Wybuch powstania styczniowego1863
80%
Śmierć Józefa Piłsudzkiego1935
76%
Hołd Pruski1525
70%
Insurekcja Kościuszkowska1794
70%
Bitwa pod Wiedniem1683
66%
Początek rozbicia dzielnicowego1138
65%
Obrona Jasnej Góry1655
60%
Bitwa pod Kircholmem1605
55%
Koniec rozbicia dzielnicowego1320
53%
Bitwa Pod Warną1444
50%
Pierwsza wolna elekcja1573
49%
Upadek Wiosny Ludów1849
47%
Wprowadzenie konstytucji Nihil Novi1505
46%
Bitwa Pod Żółtymi Wodami i początek powstania Chmielnickiego1648
45%
Pierwszy pokój toruński1411
43%
Bitwa pod Beresteczkiem1651
34%
Śmierć Józefa Poniatowskiego1813
34%
Rozejm w Andruszowie1667
29%
Bitwa pod Oliwą i Tczewem1627
27%
Wprowadzenie konstytucji Liberum Veto1652
25%
Bitwa pod Trzczianą1629
17%

Rozkład punktacji

Percentyl według liczby udzielonych odpowiedzi

Procent ludzi z każdym wynikiem

Twoja historia wyników

Nie rozwiązałeś tego quizu